000 00752nam a2200265Ia 4500
003 OSt
005 20221007110427.0
006 a|||||r|||| 00| 0
007 ta
008 221006b |||||||| |||| 00| 0 eng d
020 _a0803921675
024 _a21,115
037 _cTextual
040 _aLCO
_cLCO
_beng
041 _2eng
_aeng
082 _aY773:45:f, M3
100 _aWaldo Gordon P.
_9707472
245 0 _aMeasurement Issues In Criminal Justice
260 _aLondon
_bSage Publications U.K.
_c1983
300 _a136
500 _aSage Research Progress Series in Criminology, Volume- 32
650 _aCRIMINAL JUSTICE
_9695785
942 _hY773:45:f, M3
_cTEXL
999 _c1190678
_d1190678